BIBLIOTECA

SENCICO

Atlas de detalles constructivos Rehabilitación con 199 ejemplos (Registro nro. 2260)

Detalles MARC
000 -LEADER
fixed length control field 00902nam a2200325Ia 4500
005 - DATE AND TIME OF LATEST TRANSACTION
control field 20251020182537.0
008 - FIXED-LENGTH DATA ELEMENTS--GENERAL INFORMATION
fixed length control field 200515s9999 xx 000 0 und d
020 ## - INTERNATIONAL STANDARD BOOK NUMBER
International Standard Book Number 978-84-252-2470-6
082 ## - DEWEY DECIMAL CLASSIFICATION NUMBER
Classification number 721/B36
100 ## - MAIN ENTRY--PERSONAL NAME
Personal name Beinhauer, Peter
245 #0 - TITLE STATEMENT
Title Atlas de detalles constructivos Rehabilitación con 199 ejemplos
260 ## - PUBLICATION, DISTRIBUTION, ETC.
Place of publication, distribution, etc. Barcelona
260 ## - PUBLICATION, DISTRIBUTION, ETC.
Name of publisher, distributor, etc. Gustavo Gili
260 ## - PUBLICATION, DISTRIBUTION, ETC.
Date of publication, distribution, etc. 2013
300 ## - PHYSICAL DESCRIPTION
Extent 248 p.
300 ## - PHYSICAL DESCRIPTION
Other physical details il., graf.
500 ## - GENERAL NOTE
General note 1 ejemplar
520 ## - SUMMARY, ETC.
Summary, etc. Los detalles constructivos son fundamentales a la hora de elaborar la documentación de la fase de ejecución de un proyecto arquitectónico.
650 ## - SUBJECT ADDED ENTRY--TOPICAL TERM
Topical term or geographic name entry element BALCONES
650 ## - SUBJECT ADDED ENTRY--TOPICAL TERM
Topical term or geographic name entry element CIMENTACIONES
650 ## - SUBJECT ADDED ENTRY--TOPICAL TERM
Topical term or geographic name entry element CUBIERTAS
650 ## - SUBJECT ADDED ENTRY--TOPICAL TERM
Topical term or geographic name entry element DETALLES CONSTRUCTIVOS
650 ## - SUBJECT ADDED ENTRY--TOPICAL TERM
Topical term or geographic name entry element ESCALERAS
650 ## - SUBJECT ADDED ENTRY--TOPICAL TERM
Topical term or geographic name entry element PAREDES
650 ## - SUBJECT ADDED ENTRY--TOPICAL TERM
Topical term or geographic name entry element PUERTAS
650 ## - SUBJECT ADDED ENTRY--TOPICAL TERM
Topical term or geographic name entry element TECHOS
650 ## - SUBJECT ADDED ENTRY--TOPICAL TERM
Topical term or geographic name entry element VENTANAS
942 ## - ADDED ENTRY ELEMENTS (KOHA)
Koha item type Libros
Existencias
Fecha de la última vez que lo usaron Pago total Signatura topográfica completa Código de barras Precio efectivo desde Tipo de documento Estado perdido Estado dañado No es para préstamo Retirado Ubicación permanente Ubicación actual Fecha de adquisición
15/05/2020   721/B36 Bib-Lima15052260 15/05/2020 Libros         Biblioteca Central Lima Biblioteca Central Lima 15/05/2020